Sāhityika pāribhāshika śabdāvalī. (Record no. 59417)

MARC details
000 -LEADER
fixed length control field 00687cam a22002411 4500
001 - CONTROL NUMBER
control field sa 64005934
003 - CONTROL NUMBER IDENTIFIER
control field DLC
005 - DATE AND TIME OF LATEST TRANSACTION
control field 20260227112036.0
008 - FIXED-LENGTH DATA ELEMENTS--GENERAL INFORMATION
fixed length control field 890711s1962 ii d 000 0 hino
010 ## - LIBRARY OF CONGRESS CONTROL NUMBER
LC control number sa 64005934
035 ## - SYSTEM CONTROL NUMBER
System control number (OCoLC)19992031
040 ## - CATALOGING SOURCE
Original cataloging agency DLC
Transcribing agency WaU
Modifying agency DLC
042 ## - AUTHENTICATION CODE
Authentication code premarc
050 00 - LIBRARY OF CONGRESS CALL NUMBER
Classification number PK1936
Item number .T3
100 1# - MAIN ENTRY--PERSONAL NAME
Personal name Taṇḍana, Premanārāyaṇa,
Dates associated with a name 1915-1973.
245 10 - TITLE STATEMENT
Title Sāhityika pāribhāshika śabdāvalī.
Remainder of title Glossary of literary terms.
260 ## - PUBLICATION, DISTRIBUTION, ETC.
Date of publication, distribution, etc. [1962]
300 ## - PHYSICAL DESCRIPTION
Extent 224
Dimensions 19 cm.
500 ## - GENERAL NOTE
General note In Hindi.
650 #0 - SUBJECT ADDED ENTRY--TOPICAL TERM
Topical term or geographic name entry element Literature
General subdivision Terminology.
650 #0 - SUBJECT ADDED ENTRY--TOPICAL TERM
Topical term or geographic name entry element English language
General subdivision Dictionaries
-- Hindi.
740 0# - ADDED ENTRY--UNCONTROLLED RELATED/ANALYTICAL TITLE
Uncontrolled related/analytical title Glossary of literary terms.

No items available.

Powered by Koha